| 000 | 00800nam a22002777a 4500 | ||
|---|---|---|---|
| 003 | BCEG | ||
| 005 | 20260122171212.0 | ||
| 008 | 260122s1994 sp |||||||||||||||||spa d | ||
| 020 | _a8420606707 (v. 7) | ||
| 040 |
_aBCEG _bspa _cBCEG |
||
| 082 | 0 | 4 |
_a833.312 _bB829d |
| 100 | 1 |
_aBrecht, Bertolt, _d1898-1956. |
|
| 245 | 1 | 0 | _aDiálogos de refugiados. |
| 260 |
_aMadrid : _bAlianza, _c1994. |
||
| 300 | _a154 p. | ||
| 490 |
_aEl Libro de Bolsillo. Literatura ; _v1670. |
||
| 490 |
_aNarrativa Completa ; _v7. |
||
| 500 | _aLa biblioteca solo cuenta con el v. 7 | ||
| 534 |
_pTítulo original: _tFlüchtlingsgespräche. |
||
| 541 | _aDonación. | ||
| 650 | 1 | 4 | _aLiteratura alemana. |
| 650 | 1 | 4 | _aTeatro alemán. |
| 650 | 1 | 4 | _aNovela alemana. |
| 700 | 1 |
_aSolar, Juan del, _etr. |
|
| 942 | _cBK | ||
| 999 |
_c437052 _d437052 |
||